[Event "4th East Kilbride Weekly Open"]
[Site "East Kilbride"]
[Date "2011.05.19"]
[Round "3"]
[White "Pathi, Fintan"]
[Black "Burnett, Greg"]
[Result "0-1"]
[WhiteElo "460"]
[BlackElo "681"]
[PlyCount "106"]
[EventDate "2011.05.??"]
[EventType "swiss"]
[EventCountry "SCO"]
[SourceDate "2011.06.02"]

1. e4 c5 2. Nf3 Nc6 3. Nc3 g6 4. Bc4 Bg7 5. Ng5 e6 6. O-O Qxg5 7. d4 Qe7 8.
dxc5 Qxc5 9. b3 Bxc3 10. Rb1 Ne5 11. Be3 Qc6 12. Bd4 Bxd4 13. Qxd4 f6 14. f4
Nxc4 15. bxc4 e5 16. fxe5 Qe6 17. exf6 Nxf6 18. Rxf6 Qe7 19. Rbf1 b6 20. Rf7
Qc5 21. Qxc5 bxc5 22. R1f2 Ba6 23. e5 Bxc4 24. R7f6 O-O-O 25. R2f4 Bxa2 26. Ra4
Bd5 27. Rxa7 Rde8 28. h3 Rxe5 29. c4 Bc6 30. Rxc6+ Kb8 31. Rca6 Ree8 32. Ra8+
Kb7 33. Rxe8 Rxe8 34. Rd6 Kc8 35. Rd5 Re6 36. Rxc5+ Rc6 37. Rxc6+ dxc6 38. g4
Kb7 39. Kf2 Kb6 40. Kf3 Kc5 41. Kf4 Kxc4 42. h4 Kd3 43. h5 gxh5 44. gxh5 c5 45.
Kg5 c4 46. Kh6 c3 47. Kxh7 c2 48. Kg7 c1=Q 49. h6 Qg5+ 50. Kh7 Ke4 51. Kh8 Kf5
52. h7 Kg6 53. Kg8 Qd8# 0-1

[Event "4th East Kilbride Weekly Open"]
[Site "East Kilbride"]
[Date "2011.05.26"]
[Round "4"]
[White "Doyle, Jim"]
[Black "Marks, Ian A"]
[Result "1-0"]
[WhiteElo "1897"]
[BlackElo "1887"]
[PlyCount "59"]
[EventDate "2011.05.??"]
[EventType "swiss"]
[EventCountry "SCO"]
[SourceDate "2011.06.02"]

1. d4 Nf6 2. c4 e6 3. Nc3 Bb4 4. e3 d5 5. Nf3 O-O 6. Qc2 b6 7. a3 Be7 8. b3 Bb7
9. Bb2 c5 10. Be2 Nc6 11. Rd1 Rc8 12. dxc5 bxc5 13. O-O Qc7 14. cxd5 exd5 15.
Qf5 Rfd8 16. Ng5 d4 17. Bc4 dxc3 18. Bxf7+ Kh8 19. Bxc3 Nd4 20. exd4 Qc6 21.
Qh3 cxd4 22. Bxd4 Qc2 23. Be6 Rxd4 24. Rxd4 Rc3 25. Rfd1 g6 26. Qh6 Bc6 27.
Nf7+ Kg8 28. Ne5+ Kh8 29. Nxc6 Rxc6 30. Rd8+ 1-0

[Event "4th East Kilbride Weekly Open"]
[Site "East Kilbride"]
[Date "2011.05.26"]
[Round "4"]
[White "MacQueen, Andrew"]
[Black "Wiltshire, Richard"]
[Result "1/2-1/2"]
[WhiteElo "1715"]
[BlackElo "1996"]
[PlyCount "101"]
[EventDate "2011.05.??"]
[EventType "swiss"]
[EventCountry "SCO"]
[SourceDate "2011.06.02"]

1. e4 e6 2. d4 d5 3. Nd2 dxe4 4. Nxe4 Nd7 5. Nf3 Ngf6 6. Ng3 c5 7. Be2 cxd4 8.
Nxd4 Bc5 9. O-O O-O 10. Nf3 b6 11. b3 Bb7 12. Bb2 Qe7 13. h3 Rfd8 14. Qc1 Rac8
15. c4 b5 16. Qg5 h6 17. Qh4 bxc4 18. bxc4 Ne4 19. Qxe7 Bxe7 20. Nxe4 Bxe4 21.
Rac1 Nc5 22. Rfd1 Bd3 23. Kf1 Be4 24. Ba3 Bf8 25. Rxd8 Rxd8 26. Ne1 Rd2 27. f3
Bg6 28. Ra1 Nd3 29. Bxf8 Kxf8 30. Rd1 Rxd1 31. Bxd1 Ne5 32. Bb3 Ke7 33. Ke2 Kd6
34. f4 Nc6 35. Nd3 f6 36. Ke3 Ke7 37. g4 Na5 38. h4 Be8 39. Kd4 Nb7 40. g5 hxg5
41. hxg5 Bc6 42. gxf6+ gxf6 43. c5 Na5 44. Bd1 Bg2 45. Nb4 Nc6+ 46. Nxc6+ Bxc6
47. Bb3 Kd7 48. Bc4 Ba4 49. a3 Bc2 50. Bb5+ Kc7 51. Bc4 1/2-1/2

[Event "4th East Kilbride Weekly Open"]
[Site "East Kilbride"]
[Date "2011.05.26"]
[Round "4"]
[White "Mason, Ian"]
[Black "Rodger, Paul"]
[Result "1/2-1/2"]
[WhiteElo "1879"]
[BlackElo "1753"]
[PlyCount "108"]
[EventDate "2011.05.??"]
[EventType "swiss"]
[EventCountry "SCO"]
[SourceDate "2011.06.02"]

1. e4 c5 2. Nc3 Nc6 3. f4 g6 4. Nf3 Bg7 5. Bb5 e6 6. Bxc6 bxc6 7. O-O d5 8. e5
Ne7 9. Kh1 Nf5 10. d3 O-O 11. Qe1 Nd4 12. Nxd4 cxd4 13. Na4 Qe7 14. b3 f6 15.
Bb2 fxe5 16. fxe5 Rxf1+ 17. Qxf1 Bxe5 18. Qf2 c5 19. Rf1 Bd7 20. Nxc5 Qxc5 21.
Qf7+ Kh8 22. Qxd7 Rf8 23. Rg1 Rf6 24. Qa4 Qxc2 25. Bxd4 Bxd4 26. Qxd4 Qf2 27.
Qe5 Kg7 28. h3 Qf4 29. Re1 Qxe5 30. Rxe5 Rf1+ 31. Kh2 Kf6 32. Re2 Rd1 33. Rf2+
Ke7 34. Rc2 Kd6 35. Rc8 Rxd3 36. Ra8 e5 37. Rxa7 Rd2 38. b4 e4 39. b5 Rb2 40.
a4 d4 41. Rxh7 d3 42. Rh8 Rb4 43. Kg3 Rxa4 44. Kf4 Kc5 45. Ke3 Kxb5 46. Rc8 Ra6
47. Re8 Rd6 48. Kd2 Rd4 49. g3 Kc5 50. h4 Kd6 51. g4 Kd7 52. Re5 Kd6 53. Re8
Kd7 54. Re5 Kd6 1/2-1/2

[Event "4th East Kilbride Weekly Open"]
[Site "East Kilbride"]
[Date "2011.05.26"]
[Round "4"]
[White "Smalls, Jim"]
[Black "Thomas, Daniel"]
[Result "1-0"]
[WhiteElo "1766"]
[BlackElo "1431"]
[PlyCount "81"]
[EventDate "2011.05.??"]
[EventType "swiss"]
[EventCountry "SCO"]
[SourceDate "2011.06.02"]

1. e4 d5 2. exd5 Qxd5 3. Nc3 Qe5+ 4. Qe2 Qxe2+ 5. Bxe2 c6 6. Nf3 Bf5 7. d3 Nd7
8. O-O e6 9. Nh4 Ngf6 10. Nxf5 exf5 11. Re1 O-O-O 12. a3 Bd6 13. Nd1 Rhe8 14.
h3 Re7 15. Ne3 g6 16. Nc4 Bc7 17. Bg5 Rde8 18. Kf1 f4 19. Nd2 Re6 20. c4 Ng8
21. f3 h6 22. Bh4 f5 23. Bf2 Ngf6 24. b4 Nh5 25. c5 Ng3+ 26. Bxg3 fxg3 27. d4
Bf4 28. Nc4 Nf6 29. Bd3 Nd5 30. Rxe6 Rxe6 31. Rd1 Kd7 32. h4 Nc3 33. Re1 Rxe1+
34. Kxe1 Nb5 35. h5 Nxd4 36. hxg6 Ke7 37. Nd6 Bxd6 38. cxd6+ Kxd6 39. g7 Ne6
40. g8=Q Nf4 41. Qb8+ 1-0

[Event "4th East Kilbride Weekly Open"]
[Site "East Kilbride"]
[Date "2011.05.26"]
[Round "4"]
[White "MacDonald, Paul"]
[Black "Glen, Hamish"]
[Result "1-0"]
[WhiteElo "1819"]
[BlackElo "1587"]
[PlyCount "77"]
[EventDate "2011.05.??"]
[EventType "swiss"]
[EventCountry "SCO"]
[SourceDate "2011.06.02"]

1. d4 d5 2. c4 c6 3. Nf3 Nf6 4. e3 Bg4 5. Qb3 Qb6 6. Ne5 Qxb3 7. axb3 Bf5 8. c5
Nbd7 9. Nxd7 Nxd7 10. b4 e5 11. b5 Be7 12. bxc6 bxc6 13. b4 O-O 14. Bb2 exd4
15. Bxd4 Bf6 16. Nc3 Bxd4 17. exd4 Rfe8+ 18. Kd2 Nf6 19. f3 Bd7 20. Bd3 Reb8
21. Rhb1 Ne8 22. b5 Nc7 23. bxc6 Bxc6 24. Rxb8+ Rxb8 25. Rxa7 Ne6 26. Ne2 g6
27. Kc3 Kg7 28. Nc1 Nf4 29. g3 Ne6 30. Nb3 Kf6 31. Na5 Be8 32. Nb7 Nd8 33. Nxd8
Rxd8 34. c6 Rc8 35. c7 Bd7 36. Ba6 Re8 37. Bb7 Be6 38. Ra6 Ke7 39. Rxe6+ 1-0

[Event "4th East Kilbride Weekly Open"]
[Site "East Kilbride"]
[Date "2011.05.26"]
[Round "4"]
[White "Thomas, Phil"]
[Black "Denham, Paul"]
[Result "1/2-1/2"]
[WhiteElo "1811"]
[BlackElo "1406"]
[PlyCount "98"]
[EventDate "2011.05.??"]
[EventType "swiss"]
[EventCountry "SCO"]
[SourceDate "2011.06.02"]

1. e4 d6 2. d4 Nf6 3. Nc3 Nbd7 4. f4 e5 5. fxe5 dxe5 6. dxe5 Nxe5 7. Qxd8+ Kxd8
8. Nf3 Bd6 9. Bg5 c6 10. O-O-O Ke7 11. Be2 Be6 12. Nd4 Rad8 13. Nxe6 Kxe6 14.
Rhf1 Bc7 15. Bxf6 Rxd1+ 16. Nxd1 gxf6 17. Ne3 Ng6 18. g3 Rd8 19. Bc4+ Ke7 20.
Nf5+ Kf8 21. Ne3 Ne5 22. Be2 Rd4 23. c3 Rxe4 24. Kd2 Nd7 25. Bd3 Re7 26. Bxh7
Bb6 27. Nc4 Kg7 28. Bf5 Ne5 29. Nxb6 axb6 30. b3 b5 31. Rf4 Re8 32. Kc2 Re7 33.
Rf2 Re8 34. Kb2 Rd8 35. Ka3 c5 36. Kb2 Nd3+ 37. Bxd3 Rxd3 38. Kc2 Rd5 39. Re2
Kf8 40. Rd2 Re5 41. Kd3 Kg7 42. Re2 Rd5+ 43. Ke4 Rd7 44. Kf3 Rd3+ 45. Kg4 Rxc3
46. Re7 Rc2 47. Rxb7 Rxh2 48. Rxb5 Rxa2 49. Rxc5 Rb2 1/2-1/2

[Event "4th East Kilbride Weekly Open"]
[Site "East Kilbride"]
[Date "2011.05.26"]
[Round "4"]
[White "Brownlee, Ian"]
[Black "Pathi, Vivek"]
[Result "1-0"]
[WhiteElo "1661"]
[BlackElo "1052"]
[PlyCount "67"]
[EventDate "2011.05.??"]
[EventType "swiss"]
[EventCountry "SCO"]
[SourceDate "2011.06.02"]

1. d4 Nf6 2. c4 g6 3. Nc3 Bg7 4. e4 d6 5. f3 O-O 6. Be3 Nbd7 7. Nh3 b6 8. Bd3
e5 9. d5 Nc5 10. Nf2 Nxd3+ 11. Nxd3 Ba6 12. b3 Nh5 13. g4 Nf4 14. Qd2 Qh4+ 15.
Kd1 f5 16. gxf5 gxf5 17. Kc2 Rf6 18. Nxf4 exf4 19. Bxf4 fxe4 20. Bg5 Qh5 21.
Bxf6 Bxf6 22. Rhg1+ Kf7 23. fxe4 Rg8 24. Rxg8 Kxg8 25. Rg1+ Kf7 26. Qg2 Qe5 27.
Qg8+ Ke7 28. Qxh7+ Kd8 29. Rg8+ Qe8 30. Rxe8+ Kxe8 31. Qxc7 Bd8 32. Qxd6 Bc8
33. e5 Bf5+ 34. Kb2 1-0

[Event "4th East Kilbride Weekly Open"]
[Site "East Kilbride"]
[Date "2011.05.26"]
[Round "4"]
[White "Robertson, Jim"]
[Black "Dunlop, Anthony"]
[Result "1-0"]
[WhiteElo "1409"]
[BlackElo "1648"]
[PlyCount "60"]
[EventDate "2011.05.??"]
[EventType "swiss"]
[EventCountry "SCO"]
[SourceDate "2011.06.02"]

1. d4 d5 2. e3 Nf6 3. f4 e6 4. Nf3 c5 5. c3 Be7 6. Be2 a6 7. a4 Nc6 8. Nbd2 b6
9. b3 Bb7 10. Ne5 Rc8 11. Bb2 cxd4 12. exd4 Bd6 13. O-O Ne7 14. Qe1 Nf5 15. Bd3
O-O 16. g4 Bxe5 17. gxf5 Bb8 18. fxe6 Re8 19. f5 Qd6 20. Nf3 fxe6 21. Ne5 Ne4
22. Bxe4 dxe4 23. f6 gxf6 24. Qg3+ Kf8 25. Rxf6+ Ke7 26. Qg7+ Kd8 27. Nf7+ Kd7
28. Nxd6+ Kxd6 29. Qxb7 Bc7 30. Ba3+ Kd7 1-0

[Event "4th East Kilbride Weekly Open"]
[Site "East Kilbride"]
[Date "2011.05.26"]
[Round "4"]
[White "Murray, Frankie"]
[Black "Smith, Alex"]
[Result "1-0"]
[WhiteElo "1660"]
[BlackElo "980"]
[PlyCount "71"]
[EventDate "2011.05.??"]
[EventType "swiss"]
[EventCountry "SCO"]
[SourceDate "2011.06.02"]

1. e4 d6 2. d4 Nf6 3. Nc3 e5 4. Nf3 Bg4 5. dxe5 dxe5 6. Qxd8+ Kxd8 7. Nxe5 Be6
8. Bc4 Ke7 9. Be3 b6 10. O-O-O Bxc4 11. Nxc4 Nc6 12. Rd2 Rd8 13. Rhd1 g6 14.
Bg5 Bg7 15. e5 Rxd2 16. exf6+ Bxf6 17. Bxf6+ Kxf6 18. Rxd2 Rd8 19. Rxd8 Nxd8
20. Nd5+ Ke6 21. Nxc7+ Kd7 22. Nd5 b5 23. Na3 f5 24. Nxb5 Kc6 25. Nbc3 Ne6 26.
g3 Ng5 27. Nf6 Kd6 28. h4 Ne4 29. Nfxe4+ fxe4 30. Nxe4+ Ke5 31. Ng5 h6 32. Nf7+
Kf6 33. Nxh6 g5 34. hxg5+ Kxg5 35. Nf7+ Kg4 36. c4 1-0

[Event "4th East Kilbride Weekly Open"]
[Site "East Kilbride"]
[Date "2011.05.26"]
[Round "4"]
[White "Johnstone, David"]
[Black "Brisbane, Tom"]
[Result "1-0"]
[WhiteElo "1611"]
[BlackElo "1541"]
[PlyCount "57"]
[EventDate "2011.05.??"]
[EventType "swiss"]
[EventCountry "SCO"]
[SourceDate "2011.06.02"]

1. e4 e6 2. d4 d5 3. exd5 exd5 4. Bd3 Bd6 5. Ne2 Ne7 6. Nbc3 O-O 7. Bg5 f6 8.
Bf4 c6 9. Qd2 Bg4 10. O-O-O Bxe2 11. Nxe2 b5 12. h4 a5 13. Rh3 Na6 14. Qe3 Bxf4
15. Nxf4 Qd7 16. Rg3 Nb4 17. a3 Nxd3+ 18. Qxd3 b4 19. a4 Nf5 20. Rf3 Rae8 21.
Ne2 Nxh4 22. Rh3 g5 23. Rdh1 Re7 24. Qg3 Ng6 25. Qd3 Rxe2 26. Rxh7 Re1+ 27. Kd2
Re7 28. Qxg6+ Rg7 29. Rh8# 1-0

[Event "4th East Kilbride Weekly Open"]
[Site "East Kilbride"]
[Date "2011.05.26"]
[Round "4"]
[White "Potts, David"]
[Black "Gosetti, Piero"]
[Result "0-1"]
[WhiteElo "1477"]
[BlackElo "1313"]
[PlyCount "93"]
[EventDate "2011.05.??"]
[EventType "swiss"]
[EventCountry "SCO"]
[SourceDate "2011.06.02"]

1. c4 e5 2. g3 Nf6 3. Bg2 Nc6 4. Nc3 Be7 5. Nf3 d6 6. O-O Be6 7. d3 O-O 8. a3
h6 9. Rb1 Qd7 10. b4 Bh3 11. b5 Nd4 12. Nxd4 Bxg2 13. Kxg2 exd4 14. Na2 d5 15.
a4 dxc4 16. dxc4 Bc5 17. Qd3 Qg4 18. f3 Qg6 19. Bf4 Rae8 20. Nc1 Nh5 21. Qxg6
Nxf4+ 22. gxf4 fxg6 23. Nd3 Bd6 24. Ne5 Kh7 25. c5 Bxc5 26. Nd7 Rf5 27. Nxc5
Rxc5 28. Rbc1 Rf5 29. Kg3 g5 30. fxg5 Rxg5+ 31. Kf2 c6 32. Rc4 c5 33. a5 b6 34.
axb6 axb6 35. Ra1 Re7 36. Ra6 Rb7 37. Rca4 Re5 38. Rc4 Re6 39. Ra2 Re3 40. Rca4
Rb3 41. f4 Rxb5 42. f5 Rf7 43. e4 dxe3+ 44. Kxe3 Rxf5 45. Ra7 Rb4 46. Rg2 Rg5
47. Rf2 0-1

[Event "4th East Kilbride Weekly Open"]
[Site "East Kilbride"]
[Date "2011.05.26"]
[Round "4"]
[White "Howie, Derek"]
[Black "Johnston, Jim"]
[Result "0-1"]
[WhiteElo "1007"]
[BlackElo "1416"]
[PlyCount "84"]
[EventDate "2011.05.??"]
[EventType "swiss"]
[EventCountry "SCO"]
[SourceDate "2011.06.02"]

1. d4 d5 2. c4 e6 3. Nc3 c6 4. Nf3 Nf6 5. Bg5 Nbd7 6. e3 Qa5 7. a3 Ne4 8. Qc2
Bb4 9. Rc1 Bxc3+ 10. bxc3 Nxg5 11. Nxg5 dxc4 12. Ne4 Qxa3 13. Bxc4 O-O 14. O-O
Qe7 15. Bd3 f5 16. Nd2 b6 17. e4 fxe4 18. Bxe4 g6 19. Bxc6 Rb8 20. Rfe1 Qd6 21.
Bf3 Nf6 22. Ne4 Nxe4 23. Qxe4 Re8 24. Qe5 Qxe5 25. Rxe5 Bb7 26. Bg4 Kf7 27.
Rce1 Bd5 28. Rc1 b5 29. Ra1 Ra8 30. Be2 a6 31. Bd3 Rec8 32. Rc1 Rc6 33. Be4
Bxe4 34. Rxe4 Rac8 35. Re3 b4 36. g3 Rxc3 37. Rb1 Rc1+ 38. Rxc1 Rxc1+ 39. Kg2
a5 40. Kf3 a4 41. Ke2 b3 42. Rd3 b2 0-1

[Event "4th East Kilbride Weekly Open"]
[Site "East Kilbride"]
[Date "2011.05.26"]
[Round "4"]
[White "Mitchell, Mike"]
[Black "Reilly, Andrew"]
[Result "1-0"]
[WhiteElo "1357"]
[BlackElo "989"]
[PlyCount "101"]
[EventDate "2011.05.??"]
[EventType "swiss"]
[EventCountry "SCO"]
[SourceDate "2011.06.02"]

1. d4 Nf6 2. c4 g6 3. Nc3 Bg7 4. e4 d6 5. Be2 Qd7 6. Nf3 c5 7. d5 e6 8. O-O
exd5 9. exd5 O-O 10. Re1 Re8 11. Bd3 Rxe1+ 12. Qxe1 Qe8 13. Bf4 Qxe1+ 14. Rxe1
Bf8 15. Nb5 a6 16. Nxd6 Bxd6 17. Bxd6 b5 18. Bxc5 bxc4 19. Bxc4 Nbd7 20. Bd4
Kg7 21. Ne5 Nxe5 22. Bxe5 g5 23. d6 Be6 24. Bxe6 fxe6 25. Rc1 Kg6 26. Bxf6 Kxf6
27. g4 Rd8 28. Rd1 e5 29. Kg2 Ke6 30. d7 Rxd7 31. Rxd7 Kxd7 32. Kf3 Kd6 33. Ke4
Ke6 34. b4 h6 35. a4 Kd6 36. b5 axb5 37. axb5 Kc5 38. Kxe5 Kxb5 39. Kf5 Kc4 40.
Kg6 Kd3 41. Kxh6 Ke2 42. Kxg5 Kxf2 43. h4 Kf3 44. h5 Ke4 45. h6 Ke5 46. h7 Ke6
47. h8=Q Kf7 48. Qf6+ Kg8 49. Qe7 Kh8 50. Kg6 Kg8 51. Qe8# 1-0

[Event "4th East Kilbride Weekly Open"]
[Site "East Kilbride"]
[Date "2011.05.26"]
[Round "4"]
[White "MacGregor, Alasdair"]
[Black "Thomson, Peter"]
[Result "0-1"]
[WhiteElo "980"]
[BlackElo "1367"]
[PlyCount "62"]
[EventDate "2011.05.??"]
[EventType "swiss"]
[EventCountry "SCO"]
[SourceDate "2011.06.02"]

1. e4 c6 2. d4 d5 3. Nc3 dxe4 4. Nxe4 Bf5 5. Ng3 Bg6 6. Nf3 e6 7. Bc4 Bd6 8.
O-O h6 9. Re1 Nf6 10. Nh4 Bh7 11. Nhf5 O-O 12. Nxd6 Qxd6 13. c3 Nbd7 14. Qf3
Nd5 15. Bxd5 cxd5 16. Bf4 Qb6 17. Re2 Nf6 18. Nh5 Nxh5 19. Qxh5 Bg6 20. Qh4 Kh7
21. Rd2 Rae8 22. Re1 f6 23. Re3 Bf5 24. g4 g5 25. Qg3 gxf4 26. Qxf4 Bxg4 27.
Kh1 Bf5 28. Rdd3 Qxb2 29. Rh3 Qb1+ 30. Kg2 Rg8+ 31. Kf3 Qxd3+ 0-1

[Event "4th East Kilbride Weekly Open"]
[Site "East Kilbride"]
[Date "2011.05.26"]
[Round "4"]
[White "Thomas, Jose"]
[Black "McKay, Stewart"]
[Result "1/2-1/2"]
[WhiteElo "962"]
[BlackElo "1355"]
[PlyCount "127"]
[EventDate "2011.05.??"]
[EventType "swiss"]
[EventCountry "SCO"]
[SourceDate "2011.06.02"]

1. e4 d5 2. exd5 Qxd5 3. Nc3 Qa5 4. Nf3 Nf6 5. d4 Bg4 6. Be2 Nbd7 7. Bd2 e6 8.
a3 c6 9. Ne4 Qb6 10. Nxf6+ Nxf6 11. Bc3 Ne4 12. Qd3 Bf5 13. Qe3 Bd6 14. Bd3
Nxc3 15. Bxf5 Nd5 16. Qe2 Qxb2 17. O-O Nf4 18. Qe3 Nd5 19. Qe1 Qc3 20. Qxc3
Nxc3 21. Bd3 O-O 22. Rfe1 c5 23. dxc5 Bxc5 24. Ne5 Rfd8 25. Nc4 b6 26. Be4 Nxe4
27. Rxe4 Rac8 28. Kf1 Bd4 29. Rd1 Rxc4 30. c3 Rxc3 31. Rexd4 Rxd4 32. Rxd4 Rc8
33. Rd7 Ra8 34. Ke2 g6 35. a4 Kg7 36. Rc7 h6 37. h4 a5 38. Rb7 Ra6 39. Ke3 Kf6
40. Ke4 g5 41. hxg5+ Kxg5 42. Rxf7 b5 43. axb5 Rb6 44. Ke5 Kg6 45. Rf6+ Kg5 46.
f4+ Kg4 47. Rg6+ Kh4 48. f5 Rxb5+ 49. Kxe6 a4 50. f6 Rb6+ 51. Ke5 Rb5+ 52. Ke6
Rb6+ 53. Ke5 Rb5+ 54. Ke6 a3 55. f7 a2 56. f8=Q Rb6+ 57. Kd5 Rxg6 58. Qb4+ Kg3
59. Qb2 Ra6 60. Qe5+ Kf2 61. Qb2+ Kg1 62. Qc1+ Kh2 63. Qf4+ Kg1 64. Qc1+
1/2-1/2

[Event "4th East Kilbride Weekly Open"]
[Site "East Kilbride"]
[Date "2011.05.26"]
[Round "4"]
[White "Jenkins, Ciaran"]
[Black "Thomson, George"]
[Result "0-1"]
[WhiteElo "943"]
[BlackElo "1548"]
[PlyCount "102"]
[EventDate "2011.05.??"]
[EventType "swiss"]
[EventCountry "SCO"]
[SourceDate "2011.06.02"]

1. c4 c6 2. Nf3 Nf6 3. g3 g6 4. Bg2 Bg7 5. O-O O-O 6. Nc3 Na6 7. d3 d6 8. a3
Nc7 9. Qc2 Bd7 10. Bd2 Qc8 11. Rac1 Bh3 12. Rfd1 Bxg2 13. Kxg2 Re8 14. b4 a6
15. Qb3 Qd7 16. Bf4 Ne6 17. Bd2 Rac8 18. e3 Ng4 19. Ne2 Ne5 20. Nxe5 Bxe5 21.
Bc3 Bxc3 22. Qxc3 Ng5 23. Ng1 h5 24. h4 Ne6 25. f4 Ng7 26. e4 Qg4 27. Qd2 Ne6
28. Qf2 c5 29. Qf3 Qxf3+ 30. Nxf3 Kg7 31. Kf2 Nd4 32. Nxd4 cxd4 33. Kf3 e5 34.
Re1 Rc7 35. a4 Rec8 36. b5 a5 37. Rc2 b6 38. Rec1 Rf8 39. Rf1 f6 40. Ke2 Rcf7
41. Rcc1 exf4 42. Rxf4 f5 43. Rcf1 fxe4 44. Rxf7+ Rxf7 45. Rxf7+ Kxf7 46. dxe4
Ke6 47. Kf3 Ke5 48. Ke2 Kxe4 49. Kd2 d3 50. Kd1 Kd4 51. Kd2 Kxc4 0-1

[Event "4th East Kilbride Weekly Open"]
[Site "East Kilbride"]
[Date "2011.05.26"]
[Round "4"]
[White "McCulloch, Andrew"]
[Black "Congalton, David"]
[Result "1/2-1/2"]
[WhiteElo "1023"]
[BlackElo "1287"]
[PlyCount "77"]
[EventDate "2011.05.??"]
[EventType "swiss"]
[EventCountry "SCO"]
[SourceDate "2011.06.02"]

1. d4 Nf6 2. c4 g6 3. Nc3 Bg7 4. Bf4 O-O 5. Nf3 c6 6. e4 d5 7. cxd5 cxd5 8. Bd3
dxe4 9. Nxe4 Nxe4 10. Bxe4 Qb6 11. b3 Nc6 12. Bxc6 Qxc6 13. Rc1 Qe4+ 14. Be3
Bg4 15. O-O Qd5 16. Rc5 Qd6 17. Rg5 Bf5 18. Rg3 Rfc8 19. Ne1 Qd5 20. Nd3 Rc3
21. Ne1 Rac8 22. h4 h5 23. Rg5 f6 24. Rxf5 Qxf5 25. Bd2 R3c6 26. Be3 Qd5 27.
Nd3 e5 28. Nb4 Qd6 29. Nxc6 Rxc6 30. dxe5 Qxd1 31. Rxd1 Rc2 32. Rd8+ Kh7 33.
Bxa7 fxe5 34. Rd7 Rxa2 35. Rxb7 Ra1+ 36. Kh2 Kg8 37. Bc5 Rc1 38. b4 e4 39. Be3
1/2-1/2

[Event "4th East Kilbride Weekly Open"]
[Site "East Kilbride"]
[Date "2011.05.26"]
[Round "4"]
[White "Melvin, John"]
[Black "Perrie, Bill"]
[Result "1/2-1/2"]
[WhiteElo "1226"]
[BlackElo "1011"]
[PlyCount "53"]
[EventDate "2011.05.??"]
[EventType "swiss"]
[EventCountry "SCO"]
[SourceDate "2011.06.02"]

1. d4 d5 2. Nf3 c6 3. h3 Nf6 4. c4 dxc4 5. Nc3 e6 6. a3 Be7 7. e4 b6 8. Bxc4
O-O 9. O-O Bb7 10. Bd3 Ba6 11. Bxa6 Nxa6 12. Ne5 Nb8 13. Be3 Qc7 14. Qf3 Nbd7
15. Nxd7 Qxd7 16. e5 Nd5 17. Nxd5 Qxd5 18. Qxd5 cxd5 19. Rac1 Rac8 20. Bd2 Rc4
21. Rxc4 dxc4 22. Rc1 b5 23. Rc3 Rd8 24. Be3 a6 25. Kf1 Rc8 26. g3 h6 27. Ke2
1/2-1/2

[Event "4th East Kilbride Weekly Open"]
[Site "East Kilbride"]
[Date "2011.05.26"]
[Round "4"]
[White "Wynne, Stuart"]
[Black "Howie, Colin"]
[Result "1/2-1/2"]
[WhiteElo "861"]
[BlackElo "1209"]
[PlyCount "44"]
[EventDate "2011.05.??"]
[EventType "swiss"]
[EventCountry "SCO"]
[SourceDate "2011.06.02"]

1. c4 e5 2. Nc3 Nc6 3. Nf3 Nf6 4. d3 Bb4 5. Bd2 d6 6. g3 O-O 7. Bg2 Be6 8. a3
Bxc3 9. Bxc3 Qd7 10. Ng5 h6 11. Nxe6 Qxe6 12. O-O Rab8 13. b4 Ne7 14. Qd2 c6
15. a4 d5 16. cxd5 cxd5 17. Rac1 Rbc8 18. Bb2 Ng6 19. Rxc8 Rxc8 20. Rc1 Rxc1+
21. Bxc1 Qc6 22. a5 a6 1/2-1/2

[Event "4th East Kilbride Weekly Open"]
[Site "East Kilbride"]
[Date "2011.05.26"]
[Round "4"]
[White "Thomas, Jacqui"]
[Black "Burnett, Greg"]
[Result "1-0"]
[WhiteElo "1201"]
[BlackElo "681"]
[PlyCount "83"]
[EventDate "2011.05.??"]
[EventType "swiss"]
[EventCountry "SCO"]
[SourceDate "2011.06.02"]

1. c4 c5 2. g3 Nc6 3. Bg2 g6 4. b3 Bg7 5. Nc3 f5 6. Bb2 Nf6 7. e3 e5 8. Nge2
O-O 9. d4 Qe7 10. Nd5 Nxd5 11. Bxd5+ Kh8 12. dxe5 Nxe5 13. Bxe5 Bxe5 14. Rb1 g5
15. O-O f4 16. exf4 gxf4 17. Qd3 d6 18. Rbe1 Bh3 19. Nxf4 Qg5 20. Nxh3 Qg4 21.
Bg2 Rf6 22. Re4 Qg6 23. Re3 Qxd3 24. Rxd3 Raf8 25. Bxb7 Rh6 26. Bg2 Rhf6 27.
Ng5 Bd4 28. Nf3 Bb2 29. Rb1 Bd4 30. Re1 Be5 31. Re2 Kg7 32. Nxe5 dxe5 33. Rd7+
Kg6 34. Be4+ Kh6 35. Rxh7+ Kg5 36. Rg7+ Kh5 37. Rxa7 Kg4 38. Rg7+ Kh5 39. a4
R8f7 40. Rxf7 Rxf7 41. Bd5 Kg4 42. Bxf7 1-0

[Event "4th East Kilbride Weekly Open"]
[Site "East Kilbride"]
[Date "2011.05.26"]
[Round "4"]
[White "Dykes, John"]
[Black "McCusker, Andrew"]
[Result "0-1"]
[WhiteElo "1498"]
[BlackElo "1199"]
[PlyCount "90"]
[EventDate "2011.05.??"]
[EventType "swiss"]
[EventCountry "SCO"]
[SourceDate "2011.06.02"]

1. e4 c5 2. b3 Nc6 3. Nf3 d6 4. h3 Nf6 5. Bb2 Nxe4 6. d3 Nf6 7. Be2 g6 8. Nbd2
Bg7 9. Ne4 e6 10. O-O O-O 11. Nh2 Nxe4 12. Bxg7 Kxg7 13. dxe4 d5 14. exd5 exd5
15. Qd2 b6 16. Rfe1 Re8 17. Bb5 Rxe1+ 18. Rxe1 Nd4 19. Re8 Qd6 20. Ng4 Nf5 21.
Bd3 d4 22. Bxf5 gxf5 23. Ne5 f6 24. Nf3 Bb7 25. Nh4 Qd7 26. Rxa8 Bxa8 27. f3
Qe6 28. Qf2 f4 29. g4 fxg3 30. Qxg3+ Kf7 31. Qc7+ Qe7 32. Qxe7+ Kxe7 33. Kf2
Bd5 34. Kg3 Be6 35. Ng2 Bf5 36. Ne1 Ke6 37. h4 Ke5 38. a3 b5 39. Kf2 c4 40. b4
h5 41. Kg3 d3 42. cxd3 cxd3 43. f4+ Ke4 44. Nf3 Bg4 45. Nd2+ Ke3 0-1

[Event "4th East Kilbride Weekly Open"]
[Site "East Kilbride"]
[Date "2011.05.26"]
[Round "4"]
[White "Miller, Craig"]
[Black "Pathi, Rowan"]
[Result "1-0"]
[WhiteElo "1546"]
[BlackElo "776"]
[PlyCount "63"]
[EventDate "2011.05.??"]
[EventType "swiss"]
[EventCountry "SCO"]
[SourceDate "2011.06.02"]

1. e4 c5 2. Nf3 g6 3. c3 Bg7 4. d4 cxd4 5. cxd4 e6 6. Nc3 d5 7. exd5 exd5 8.
Qb3 Nf6 9. Bg5 Be6 10. Qxb7 Nbd7 11. Bb5 O-O 12. O-O Re8 13. Ne5 Rb8 14. Qa6
Ra8 15. Rfe1 h6 16. Nxd7 Bxd7 17. Bxd7 Qxd7 18. Bxf6 Bxf6 19. Qxf6 Rxe1+ 20.
Rxe1 Re8 21. Rxe8+ Qxe8 22. Qe5 Qb8 23. Qxb8+ Kg7 24. Qe5+ Kg8 25. Nxd5 a5 26.
Nf6+ Kg7 27. Qe7 a4 28. g4 a3 29. b4 h5 30. g5 h4 31. Qe8 h3 32. Qg8# 1-0

[Event "4th East Kilbride Weekly Open"]
[Site "East Kilbride"]
[Date "2011.05.26"]
[Round "4"]
[White "Lynn, Henry"]
[Black "Barclay, Lewis"]
[Result "1-0"]
[WhiteElo "1037"]
[BlackElo "650"]
[PlyCount "51"]
[EventDate "2011.05.??"]
[EventType "swiss"]
[EventCountry "SCO"]
[SourceDate "2011.06.02"]

1. e4 Nf6 2. e5 Nh5 3. d4 d5 4. Be2 g6 5. Nf3 e6 6. O-O Be7 7. Be3 Nc6 8. c3 a6
9. Nbd2 b5 10. Re1 Rb8 11. Rb1 Na5 12. h3 g5 13. Nh2 Nf4 14. b3 b4 15. c4 Rg8
16. Qc2 Rg6 17. Bxf4 gxf4 18. Bd3 Rg7 19. Bxh7 Bb7 20. Bd3 Bh4 21. Ndf3 Be7 22.
Qd2 Kd7 23. c5 Qg8 24. Ng4 Rf8 25. Qxb4 Nc6 26. Qxb7 1-0

[Event "4th East Kilbride Weekly Open"]
[Site "East Kilbride"]
[Date "2011.05.26"]
[Round "4"]
[White "Spence, Barney"]
[Black "McCusker, Kirsty"]
[Result "1-0"]
[WhiteElo "1004"]
[BlackElo "429"]
[PlyCount "61"]
[EventDate "2011.05.??"]
[EventType "swiss"]
[EventCountry "SCO"]
[SourceDate "2011.06.02"]

1. e4 c6 2. Nh3 d5 3. Ng5 Nh6 4. d4 e6 5. e5 Be7 6. Nf3 O-O 7. Bd3 b6 8. Bxh6
gxh6 9. Nbd2 Ba6 10. Bxa6 Nxa6 11. Qe2 Nb4 12. Nb3 c5 13. c3 c4 14. cxb4 cxb3
15. a3 a5 16. O-O axb4 17. a4 Qd7 18. Nd2 Rxa4 19. Nxb3 Ra7 20. Qg4+ Bg5 21. h4
Qe7 22. hxg5 hxg5 23. Rxa7 Qxa7 24. Qxg5+ Kh8 25. Qf6+ Kg8 26. Re1 Qa2 27. Re3
Qb1+ 28. Nc1 Qxc1+ 29. Kh2 h5 30. Rg3+ Kh7 31. Qg7# 1-0